Statistics for 2022 New York Yankees Roster

Click here to take the quiz!

General Stats

  • This quiz has been taken 505 times
    (368 since last reset)
  • The average score is 23 of 54

Answer Stats

#Player% Correct
99Aaron Judge
98%
45Gerrit Cole
92%
27Giancarlo Stanton
87%
48Anthony Rizzo
83%
25Gleyber Torres
82%
12Isiah Kiner-Falefa
75%
28Josh Donaldson
75%
65Nestor Cortes
72%
26DJ LeMahieu
70%
39Jose Trevino
70%
21Aaron Hicks
68%
22Harrison Bader
68%
95Oswaldo Cabrera
68%
66Kyle Higashioka
67%
35Clay Holmes
64%
40Luis Severino
62%
54Aroldis Chapman
61%
91Oswald Peraza
59%
34Michael King
56%
55Domingo Germán
53%
13Joey Gallo
52%
58Wandy Peralta
52%
47Frankie Montas
45%
86Clarke Schmidt
44%
84Albert Abreu
40%
97Ron Marinaccio
40%
47Jordan Montgomery
39%
43Jonathan Loáisiga
37%
18Andrew Benintendi
36%
24Matt Carpenter
36%
50Jameson Taillon
34%
56Lou Trivino
34%
57Chad Green
30%
14Marwin Gonzalez
27%
41Miguel Andújar
26%
35Estevan Florial
25%
63Lucas Luetge
25%
81Luis Gil
24%
59Scott Effross
24%
33Tim Locastro
24%
70Chi Chi González
23%
53Zack Britton
23%
85Greg Weissert
18%
30Miguel Castro
16%
31Ronald Guzmán
15%
15JP Sears
14%
62Rob Brantly
12%
85Ryan Weber
10%
68Luke Bard
9%
68Manny Bañuelos
9%
61Anthony Banda
8%
71David McKay
6%
68Jacob Barnes
6%
45Shane Greene
6%

Score Distribution

Percentile by Number Answered

Percent of People with Each Score

Your Score History

You have not taken this quiz since the last reset